00706nam a2200241 a 4500001001300000003000900013005001700022008004100039020002300080082001400103100001900117245004300136260003300179300000900212500003500221505002400256650001800280700001900298902000800317942000700325952011500332999001700447nice12345678IN_TiNIC20260116014017.0121121s2008 inda grp 000 0 eng  a9780143064688c27500a954bTHA5 aThapar, Romila aSomanathab The Many Voices of History aIndia bPenguin Books c2008 a260p aincludes index and biblioraphy2 aBibliography, Index aHistory-India1 aThapar, Romila bSRS cBK 001040708StackRoom-aHMIbHMId2013-01-23g275.00l0o954 THA5p023903r2013-01-23v275.00w2012-11-21yBK c13486d13486